[Event "Krakow op-E"]
[Site "Krakow"]
[Date "2000.12.29"]
[Round "3"]
[White "Wasik, Anna"]
[Black "Wierzbicka, Wiktoria"]
[Result "1-0"]
[WhiteElo "1400"]
[BlackElo "1600"]
[PlyCount "67"]
[EventDate "2000.12.??"]
[EventType "swiss"]
[EventRounds "9"]
[EventCountry "POL"]
[SourceTitle "EXT 2005"]
[Source "ChessBase"]
[SourceDate "2004.11.15"]
[SourceVersion "1"]
[SourceVersionDate "2004.11.15"]
[SourceQuality "1"]

1. e4 c6 2. d4 d5 3. e5 Bf5 4. Nf3 e6 5. Bd3 Bxd3 6. Qxd3 Nd7 7. Be3 Qb6 8. Qb3 Ne7 9. Nbd2 Nf5 10. c3 Nxe3 11. fxe3 c5 12. c4 Qxb3 13. axb3 Nb6 14. 0-0 a6 15. Ng5 cxd4 16. exd4 Bb4 17. Rad1 Bxd2 18. Rxd2 dxc4 19. bxc4 Nxc4 20. Rdf2 Ne3 21. Nxf7 Nxf1 22. Nxh8 Ne3 23. Rf7 Nf5 24. Rxb7 Rc8 25. h3 Kf8 26. Nf7 h6 27. Nd6 Nxd6 28. exd6 Rc4 29. Rb8+ Kf7 30. d7 Rxd4 31. d8Q Rxd8 32. Rxd8 Kf6 33. Kf2 Ke5 34. Ra8 1-0